=LDR 00000nam 2200000 4500 =001 INLIS000000000013094 =005 20200422094528 =035 ##$$a 0010-061300000013094 =008 200422################g##########0#ind## =041 ##$$a Ind =082 ##$$a 2x3.46 =090 ##$$a 2x3.46, Sya n =100 ##$$a Sya'ban, Hilmi 'Ali =245 1#$$a Nabi Idris : $b Seri para nabi /$c Hilmi 'Ali Sya'ban ;penerjemah: M. Alaika Salamulloh =260 ##$$a Yogyakarta :$b Mitra pustaka,$c 2004 =300 ##$$a viii, 81 hlm ; $c 19 x 12 cm =650 #4$$a Cerita Nabi Idris =850 ##$$a NBPNMAT =084 ##$$a 2x3.46 SYA n =504 ##$$a Bibliografi: halaman 80-81 =990 ##$$a 0001/BPAP-NTB/20142014 =990 ##$$a 01201808623 =990 ##$$a 20402480 =990 ##$$a 0001/BPAP-NTB/20142014 =990 ##$$a 20402477 =990 ##$$a 20402480 =990 ##$$a 06150615 =990 ##$$a 20402479 =990 ##$$a 20402477 =990 ##$$a 20402480